Mandarin pronunciation explained with diagrams

Bibliographic Details
Main Author: Huang, Raymond (Author)
Format: Book
Published: Hong Kong : Hong Kong University Press , 1981
Edition:Rev. ed.
Subjects:

MARC

LEADER 00000cam a2200000 7i4500
001 0000008376
005 20021119093000.0
008 021119n
020 |a 0856560219 
090 0 0 |a PL1209   |b .H8 
100 0 |a Huang, Raymond ,   |e author 
245 0 0 |a Mandarin pronunciation explained with diagrams   |c Raymond Huang 
250 |a Rev. ed. 
260 2 |a Hong Kong :   |b Hong Kong University Press ,   |c 1981 
300 |a 60 p. ; ;   |c 23 cm. 
650 0 |a Chinese language   |x Pronunciation 
999 |a 1000041536   |b Book   |c OPEN SHELF (30 DAYS)   |e Gong Badak Campus